El largo camino hacia la libertad: la autobiografía de Nelson Mandela

Gardado en:
Detalles Bibliográficos
Autor Principal: Mandela, Nelson Rolihlahla (autor)
Formato: Libro
Idioma:Lingua castelá
Publicado: Santiago Aguilar 2014
Edición:4a. ed
Subjects:
Tags: Engadir etiqueta
Sen Etiquetas, Sexa o primeiro en etiquetar este rexistro!

MARC

LEADER 00000cam a2200000 a 4500
001 UCE5064
003 CL-VaPUC
005 20250227161805.0
008 141127e20140000cl |||||||||||||||||spa|d
999 |c 357887  |d 357885 
020 |a 9789563744862 
040 |c Pontificia Universidad Católica de Valparaíso 
082 0 4 |a 920  |b MAN  |2 21 
100 |a Mandela, Nelson Rolihlahla  |e autor  |9 862061 
245 1 3 |a El largo camino hacia la libertad: la autobiografía de Nelson Mandela 
250 |a 4a. ed 
260 |a Santiago  |b Aguilar  |c 2014 
300 |a 661 p 
583 |a last modification  |c 20141205 12:46:55  |k Rodrigo Vera 
600 |a Mandela, Nelson Rolihlahla,  |d 1918-2013  |9 862060 
650 0 |a Autobiografías   |9 265171 
650 0 |a Vida y obra  |9 311871 
942 |c BK  |2 ddc 
945 |d 20141127 16:34:00  |a arojas 
952 |0 0  |1 0  |3 erb  |4 0  |6 920_000000000000000_MAN_2014  |7 0  |8 A  |9 466026  |a BIBCUR  |b BIBCUR  |i 5127033  |l 2  |m 2  |o 920 MAN 2014  |p 5127033  |r 2025-04-22  |s 2022-10-26  |w 2019-11-23  |y BK  |z Catalogado en:20141127  |k PER